[Event "OLNN 1718 SK Marmstorf - SV Bargteheide"]
[Site "?"]
[Date "2017.11.12"]
[Round "3.8"]
[White "Peschke, Matthias"]
[Black "Thanisch, Matthias"]
[Result "1-0"]
[WhiteElo "1960"]
[BlackElo "2051"]
[PlyCount "125"]
[EventDate "2017.??.??"]

1. c4 Nf6 2. g3 g6 3. Bg2 Bg7 4. Nc3 c5 5. e4 d6 6. Nge2 Nc6 7. O-O O-O 8. d3
Bd7 9. h3 Qc8 10. Kh2 Rd8 11. Be3 Ne5 12. b3 Bc6 13. Rc1 b6 14. d4 cxd4 15.
Nxd4 Bb7 16. Qd2 Qd7 17. Rfd1 Rac8 18. Qe2 Nc6 19. f4 Ne8 20. Ncb5 Nxd4 21.
Nxd4 Nf6 22. Bf2 h5 23. Bf3 Bh6 24. e5 Bxf3 25. Nxf3 Ne8 26. Qe4 Qc6 27. Qxc6
Rxc6 28. Rd3 h4 29. Nxh4 Rdc8 30. Rcd1 dxe5 31. fxe5 Bg7 32. Nf3 Bf8 33. Nd4
Rc5 34. Nf3 Ra5 35. R1d2 e6 36. Rd7 Ng7 37. Ng5 Bb4 38. Re2 Rf8 39. g4 Bc3 40.
Bg3 f5 41. exf6 Bxf6 42. Ne4 Ba1 43. Nf2 e5 44. Nd3 e4 45. Nb4 Ne6 46. Nc6 Ra6
47. Rxa7 Rxa7 48. Nxa7 Ng5 49. Nc6 Nf3+ 50. Kg2 Re8 51. Bf2 Re6 52. Nb4 Ng5 53.
Nd5 b5 54. Nc7 Re5 55. Nxb5 Nf3 56. a4 g5 57. a5 Re6 58. Nc7 Re5 59. a6 Nd4 60.
Bxd4 Bxd4 61. Nb5 Bb6 62. a7 Re8 63. Rxe4 1-0

[Event "OLNN 1718 Lübecker SV - SC Diogenes"]
[Site "?"]
[Date "2017.11.12"]
[Round "3.1"]
[White "Schulenburg, Fabian"]
[Black "Kreuzholz, Michael"]
[Result "0-1"]
[WhiteElo "2242"]
[BlackElo "2352"]
[PlyCount "74"]
[EventDate "2017.??.??"]

1. e4 c5 2. Nf3 Nc6 3. d4 cxd4 4. Nxd4 Nf6 5. Nc3 e5 6. Ndb5 d6 7. Bg5 a6 8.
Na3 b5 9. Nd5 Be7 10. Bxf6 Bxf6 11. c4 Nd4 12. cxb5 O-O 13. b6 Bb7 14. Bc4 Rc8
15. O-O Bxd5 16. Bxd5 Qxb6 17. Qd2 Rc5 18. Nc4 Qc7 19. Qd3 Rxd5 20. exd5 e4 21.
Qxe4 Qxc4 22. Rfe1 Be5 23. b3 Ne2+ 24. Rxe2 Qxe4 25. Rxe4 Bxa1 26. Kf1 a5 27.
Ke2 Rc8 28. Ra4 Bc3 29. Kd3 Kf8 30. a3 Be1 31. f3 Rc5 32. Kd4 Bf2+ 33. Ke4 g6
34. g4 Kg7 35. b4 axb4 36. Rxb4 Rc3 37. a4 Kf6 0-1

[Event "OLNN 1718 Lübecker SV - SC Diogenes"]
[Site "?"]
[Date "2017.11.12"]
[Round "3.2"]
[White "Riess, Alexander"]
[Black "Korba, Roman"]
[Result "1-0"]
[WhiteElo "2303"]
[BlackElo "2174"]
[PlyCount "59"]
[EventDate "2017.??.??"]

1. d4 d5 2. c4 e6 3. Nc3 Bb4 4. a3 Bxc3+ 5. bxc3 c5 6. e3 Nf6 7. Bd3 O-O 8. Ne2
Qc7 9. cxd5 exd5 10. O-O b6 11. f3 Re8 12. Ng3 Ba6 13. Bxa6 Nxa6 14. e4 dxe4
15. Bg5 Qc6 16. Bxf6 Qxf6 17. fxe4 Qg6 18. Nf5 cxd4 19. cxd4 Nc7 20. Rf4 h5 21.
Rf3 Qh7 22. Rg3 g6 23. Nd6 Re7 24. e5 Rd8 25. Rc1 Ne8 26. Ne4 Rxe5 27. dxe5
Rxd1+ 28. Rxd1 Qg7 29. Rd8 Qxe5 30. Rxe8+ 1-0

[Event "OLNN 1718 Lübecker SV - SC Diogenes"]
[Site "?"]
[Date "2017.11.12"]
[Round "3.3"]
[White "Schulenburg, Torben"]
[Black "Kololli, Martin"]
[Result "0-1"]
[WhiteElo "2155"]
[BlackElo "2299"]
[PlyCount "52"]
[EventDate "2017.??.??"]

1. d4 f5 2. c4 Nf6 3. g3 g6 4. Bg2 Bg7 5. Nf3 O-O 6. O-O d6 7. Nc3 Qe8 8. Nd5
Nxd5 9. cxd5 c6 10. Qb3 cxd5 11. Qxd5+ Kh8 12. Be3 Nc6 13. Rab1 e5 14. Qxd6 f4
15. gxf4 exf4 16. Bd2 Bf5 17. Rbd1 Rd8 18. Qa3 Bc2 19. Rc1 Be4 20. Bc3 Rd5 21.
Rfd1 Qd7 22. Ne5 Nxe5 23. Bxe4 f3 24. exf3 Nxf3+ 25. Kf1 Qh3+ 26. Ke2 Re8 0-1

[Event "OLNN 1718 Lübecker SV - SC Diogenes"]
[Site "?"]
[Date "2017.11.12"]
[Round "3.4"]
[White "Schmidt, Harald"]
[Black "Gottuk, Stefan"]
[Result "1-0"]
[WhiteElo "2357"]
[BlackElo "2197"]
[PlyCount "87"]
[EventDate "2017.??.??"]

1. c4 f5 2. Nc3 Nf6 3. Nf3 g6 4. g3 Bg7 5. Bg2 O-O 6. O-O d6 7. d4 c6 8. b3 Qc7
9. Qc2 Na6 10. Rd1 Nh5 11. a3 e5 12. b4 e4 13. Ng5 Qe7 14. Nh3 Nc7 15. f3 exf3
16. Bxf3 Nf6 17. b5 cxb5 18. cxb5 Rb8 19. Qb3+ Be6 20. d5 Bd7 21. Nf2 Ng4 22.
a4 Nxf2 23. Kxf2 f4 24. Ra3 fxg3+ 25. hxg3 g5 26. Kg1 Be5 27. Ne4 h6 28. Bb2
Bf5 29. Bxe5 Qxe5 30. Qc3 Qe7 31. Nf2 Rbc8 32. Qd4 b6 33. Rc3 Ne8 34. Rc6 Nf6
35. Rdc1 Rfd8 36. R1c3 h5 37. g4 Bd7 38. Rc7 Ra8 39. gxh5 Ne8 40. Re3 Qf7 41.
Rb7 Rdb8 42. Ng4 Qf4 43. Rxe8+ Rxe8 44. Nh6+ 1-0

[Event "OLNN 1718 Lübecker SV - SC Diogenes"]
[Site "?"]
[Date "2017.11.12"]
[Round "3.5"]
[White "Laqua, Christian"]
[Black "Christ, Ralf"]
[Result "1/2-1/2"]
[WhiteElo "2112"]
[BlackElo "2271"]
[PlyCount "25"]
[EventDate "2017.??.??"]

1. c4 Nf6 2. g3 e5 3. Bg2 d5 4. cxd5 Nxd5 5. Nc3 Nb6 6. e3 Be7 7. Nge2 O-O 8.
O-O c5 9. f4 exf4 10. Nxf4 Nc6 11. b3 Nd7 12. Bb2 Nde5 13. Be4 1/2-1/2

[Event "OLNN 1718 Lübecker SV - SC Diogenes"]
[Site "?"]
[Date "2017.11.12"]
[Round "3.6"]
[White "Lampe, Dirk"]
[Black "Woelk, Tom-Frederic"]
[Result "1-0"]
[WhiteElo "2207"]
[BlackElo "2058"]
[PlyCount "107"]
[EventDate "2017.??.??"]

1. e4 c5 2. Nf3 d6 3. d4 cxd4 4. Nxd4 Nf6 5. Nc3 a6 6. Be2 e5 7. Nb3 Be6 8. f4
Qc7 9. g4 h6 10. g5 hxg5 11. fxg5 Nfd7 12. h4 Nc6 13. Be3 O-O-O 14. a3 Kb8 15.
Qd2 Nb6 16. O-O-O Ne7 17. Bxb6 Qxb6 18. Nd5 Bxd5 19. exd5 f5 20. h5 g6 21. Kb1
gxh5 22. Bxh5 Bg7 23. Bf7 Rdf8 24. g6 f4 25. Qd3 Qf2 26. Na5 Qb6 27. Nc4 Qc5
28. Nd2 Rxh1 29. Rxh1 Rh8 30. Rxh8+ Bxh8 31. Ne4 Qg1+ 32. Ka2 Nxg6 33. Nxd6 Ne7
34. Qh3 Bf6 35. c4 Qc5 36. Qd7 Qc7 37. Qxc7+ Kxc7 38. Ne8+ Kb6 39. Nxf6 Kc5 40.
Ne4+ Kd4 41. d6 Nc6 42. Bd5 Nd8 43. Kb3 f3 44. Kc2 b5 45. b3 a5 46. a4 bxa4 47.
bxa4 Ke3 48. c5 Kd4 49. c6 Kxd5 50. c7 Nc6 51. c8=Q Nb4+ 52. Kd2 Kxe4 53. Qc4+
Kf5 54. d7 1-0

[Event "OLNN 1718 Lübecker SV - SC Diogenes"]
[Site "?"]
[Date "2017.11.12"]
[Round "3.7"]
[White "Kilic, Oguz"]
[Black "Svane, Frederik"]
[Result "0-1"]
[WhiteElo "2083"]
[BlackElo "2189"]
[PlyCount "71"]
[EventDate "2017.??.??"]

1. e4 c5 2. Nc3 Nc6 3. g3 g6 4. Bg2 Bg7 5. d3 Nd4 6. Nd5 e6 7. Ne3 Ne7 8. c3
Ndc6 9. f4 d5 10. Ne2 O-O 11. O-O b6 12. g4 d4 13. cxd4 Bxd4 14. Kh1 Bxe3 15.
Bxe3 Ba6 16. Nc1 Nb4 17. e5 Nxd3 18. Qa4 Nb4 19. Rd1 Qc8 20. a3 Nbd5 21. Bf2
Bb7 22. Ne2 Qc6 23. Qb3 Qc7 24. Bh4 Ba6 25. Ng3 Nxf4 26. Qe3 Nxg2 27. Kxg2 f5
28. exf6 Qc6+ 29. Kg1 Bb7 30. Rd2 Nd5 31. Qe5 Rf7 32. Ne4 Nc7 33. Rad1 Raf8 34.
Ng3 Nb5 35. g5 Nd4 36. Kf2 0-1

[Event "OLNN 1718 Lübecker SV - SC Diogenes"]
[Site "?"]
[Date "2017.11.12"]
[Round "3.8"]
[White "Poghosyan, Tigran"]
[Black "Buchholz, Robert"]
[Result "1/2-1/2"]
[WhiteElo "2156"]
[BlackElo "1961"]
[PlyCount "149"]
[EventDate "2017.??.??"]

1. e4 d5 2. exd5 Nf6 3. d4 Nxd5 4. c4 Nb6 5. Nf3 Bg4 6. c5 N6d7 7. Bc4 e6 8.
O-O Be7 9. h3 Bf5 10. Qb3 b6 11. Bf4 O-O 12. Nc3 c6 13. a4 bxc5 14. Qb7 Nb6 15.
a5 Qd7 16. a6 Nxc4 17. Ne5 Qxd4 18. Qxa8 Nxe5 19. Bxe5 Qxe5 20. Qxa7 Bd6 21. f4
Qe3+ 22. Kh1 Bxf4 23. Rf3 Qd2 24. Qb7 Nxa6 25. Qxa6 g5 26. Raf1 Qxb2 27. Qxc6
Qb4 28. g3 Be5 29. Nd5 Qe4 30. Ne7+ Kh8 31. Qxc5 Re8 32. Nxf5 exf5 33. Qe3 Qxe3
34. Rxe3 f4 35. Re4 Re6 36. Rfe1 f6 37. gxf4 gxf4 38. Rg1 Re8 39. Rb4 Rg8 40.
Rxg8+ Kxg8 41. Kg2 Kf7 42. Kf3 f5 43. Rb7+ Kg6 44. Re7 Bb8 45. Re6+ Kg5 46. Re8
Bd6 47. Rd8 Be5 48. Rg8+ Kf6 49. h4 Kf7 50. Rg5 Kf6 51. Rg2 Bc3 52. h5 Bb4 53.
Kxf4 Bf8 54. Rg1 Bh6+ 55. Kf3 Bg5 56. Ra1 h6 57. Ra6+ Ke5 58. Rg6 Bc1 59. Ke2
Bg5 60. Kf3 Bc1 61. Rg1 Bd2 62. Rd1 Bg5 63. Re1+ Kf6 64. Re8 Bc1 65. Rc8 Bd2
66. Ke2 Bg5 67. Rc4 Ke5 68. Kd3 Kd5 69. Ra4 Ke5 70. Ke2 Bc1 71. Ra6 Bg5 72. Kf3
Bc1 73. Ra1 Bd2 74. Rd1 Bg5 75. Re1+ 1/2-1/2

[Event "OLNN 1718 Preetzer TSV - Johanneum Eppe"]
[Site "?"]
[Date "2017.11.12"]
[Round "3.1"]
[White "Zart, Ruediger"]
[Black "Pedersen, Steffen"]
[Result "1/2-1/2"]
[WhiteElo "2183"]
[BlackElo "2368"]
[PlyCount "56"]
[EventDate "2017.??.??"]

1. e4 e5 2. Nf3 Nc6 3. Bb5 a6 4. Ba4 Nf6 5. O-O Be7 6. Re1 b5 7. Bb3 d6 8. c3
O-O 9. h3 Nd7 10. d4 Bf6 11. a4 Bb7 12. axb5 axb5 13. Rxa8 Qxa8 14. d5 Ne7 15.
Na3 Ba6 16. Nh2 g6 17. Ng4 Bg7 18. Bh6 Qc8 19. Bxg7 Kxg7 20. Nh2 Qb8 21. Nc2
Nc5 22. Nb4 Bc8 23. Bc2 Bd7 24. Qd2 f6 25. Ra1 Qb7 26. Nf3 Rd8 27. Qe3 Ra8 28.
Rf1 Qb6 1/2-1/2

[Event "OLNN 1718 Preetzer TSV - Johanneum Eppe"]
[Site "?"]
[Date "2017.11.12"]
[Round "3.2"]
[White "Schwarz, Frank"]
[Black "Schroeder, Christoph"]
[Result "0-1"]
[WhiteElo "2234"]
[BlackElo "2207"]
[PlyCount "40"]
[EventDate "2017.??.??"]

1. e4 c5 2. Nc3 Nc6 3. g3 g6 4. Bg2 Bg7 5. d3 d6 6. f4 e5 7. Nf3 Nge7 8. O-O
O-O 9. Be3 exf4 10. gxf4 Nd4 11. Qd2 Bg4 12. f5 gxf5 13. Bh6 Bxf3 14. Bxg7 Kxg7
15. Bxf3 fxe4 16. Bxe4 f5 17. Bxb7 Rb8 18. Kh1 Kh8 19. Rg1 Rxb7 20. Qh6 Ng8 0-1

[Event "OLNN 1718 Preetzer TSV - Johanneum Eppe"]
[Site "?"]
[Date "2017.11.12"]
[Round "3.3"]
[White "Wenzel, Birger"]
[Black "Reinecker, Kai"]
[Result "0-1"]
[WhiteElo "2156"]
[BlackElo "2256"]
[PlyCount "70"]
[EventDate "2017.??.??"]

1. d4 Nf6 2. c4 e6 3. Nc3 Bb4 4. e3 O-O 5. Nge2 d5 6. a3 Be7 7. cxd5 exd5 8.
Nf4 c6 9. Bd3 Re8 10. O-O Nbd7 11. f3 Nf8 12. Qc2 c5 13. Qf2 Ne6 14. Nxe6 Bxe6
15. dxc5 Bxc5 16. b4 d4 17. bxc5 dxc3 18. Qc2 Qa5 19. Rb1 Qxc5 20. Rb5 Qc6 21.
Rb4 Red8 22. Rh4 h6 23. Qe2 Rac8 24. Bb5 Qc5 25. Re1 a6 26. Bd3 b5 27. Kh1 Rc7
28. e4 Rcd7 29. e5 Ne8 30. Bb1 Rd2 31. Qe4 Qf2 32. Bxd2 cxd2 33. Rd1 Bf5 34.
Qxf5 Qe1+ 35. Rxe1 dxe1=Q# 0-1

[Event "OLNN 1718 Preetzer TSV - Johanneum Eppe"]
[Site "?"]
[Date "2017.11.12"]
[Round "3.4"]
[White "Junge, Kai"]
[Black "Schueler, Hendrik"]
[Result "1-0"]
[WhiteElo "2212"]
[BlackElo "2145"]
[PlyCount "129"]
[EventDate "2017.??.??"]

1. Nf3 Nf6 2. g3 g6 3. Bg2 Bg7 4. O-O O-O 5. c4 d5 6. cxd5 Nxd5 7. Nc3 Nb6 8.
d4 Nc6 9. e3 Re8 10. b3 e5 11. dxe5 Nxe5 12. Nxe5 Qxd1 13. Rxd1 Bxe5 14. Bb2 c6
15. Rd2 a5 16. Ne4 Bxb2 17. Rxb2 Rd8 18. a4 Ra7 19. Rc1 Kf8 20. Nc5 Ke7 21. e4
Nd7 22. Nd3 Nf8 23. Ne5 f6 24. Nc4 Be6 25. Bf1 Bxc4 26. Bxc4 Ne6 27. Kg2 Nd4
28. h4 b6 29. f4 Rad7 30. Kf2 Kd6 31. Bf1 Re7 32. Re1 c5 33. Bg2 Ke6 34. Bf1
Kd6 35. Bg2 Rf8 36. Rd1 Kc7 37. Rd3 Rd8 38. Rb1 Red7 39. Bh3 Re7 40. Bg2 Nc6
41. Rxd8 Kxd8 42. e5 Nd4 43. exf6 Rf7 44. Bd5 Rxf6 45. Re1 Kd7 46. Bc4 Rf8 47.
Re5 h6 48. Ke3 Nf5+ 49. Kf3 Rf6 50. g4 Nd4+ 51. Ke4 Kc6 52. h5 gxh5 53. Rxh5 b5
54. axb5+ Nxb5 55. Ke5 Rg6 56. f5 Rxg4 57. Rxh6+ Kc7 58. Bxb5 Rb4 59. Ba4 c4
60. Rc6+ Kd8 61. Rxc4 Rb6 62. Rc5 Rb4 63. Rxa5 Rb6 64. Ra7 Rb4 65. f6 1-0

[Event "OLNN 1718 Preetzer TSV - Johanneum Eppe"]
[Site "?"]
[Date "2017.11.12"]
[Round "3.5"]
[White "Wirthgen, Peter"]
[Black "Schwarzat, Julian"]
[Result "0-1"]
[WhiteElo "2090"]
[BlackElo "2085"]
[PlyCount "78"]
[EventDate "2017.??.??"]

1. d4 Nf6 2. c4 e6 3. Nc3 Bb4 4. Qc2 c5 5. dxc5 Bxc5 6. Nf3 Nc6 7. Bg5 h6 8.
Bh4 g5 9. Bg3 d5 10. e3 Qa5 11. Be2 Ne4 12. O-O Nxg3 13. hxg3 dxc4 14. Bxc4 a6
15. Ne4 Be7 16. Rfd1 O-O 17. a3 Ne5 18. Be2 Nxf3+ 19. Bxf3 f5 20. Nd6 Qb6 21.
Nc4 Qc7 22. Qb3 Bc5 23. Rac1 g4 24. Be2 b5 25. Nd6 Qb6 26. Nxc8 Raxc8 27. Qc3
Rc7 28. Qe5 Rfc8 29. Rc3 Bf8 30. Rxc7 Rxc7 31. Qf6 Bg7 32. Qg6 Re7 33. Rd2 Qc7
34. Bd1 Qc8 35. Bb3 Kf8 36. Rd6 Qe8 37. Qh7 a5 38. e4 Bxb2 39. exf5 Rxh7 0-1

[Event "OLNN 1718 Preetzer TSV - Johanneum Eppe"]
[Site "?"]
[Date "2017.11.12"]
[Round "3.6"]
[White "Schuette, Andreas"]
[Black "Zobel, Andrej"]
[Result "1/2-1/2"]
[WhiteElo "2161"]
[BlackElo "2033"]
[PlyCount "113"]
[EventDate "2017.??.??"]

1. d4 d5 2. Nc3 Nf6 3. Bf4 Bf5 4. e3 e6 5. Bd3 c6 6. Nf3 Bd6 7. O-O O-O 8. Ne5
Qe7 9. Bg5 Rd8 10. f4 Nbd7 11. Qf3 Bb4 12. Ne2 Bxd3 13. Nxd3 Qf8 14. Ng3 Re8
15. e4 dxe4 16. Nxe4 Be7 17. Rad1 Nxe4 18. Qxe4 Nf6 19. Qf3 Rad8 20. c3 Nd5 21.
Rde1 Nb6 22. Qe2 Rd5 23. Bxe7 Rxe7 24. f5 Nc8 25. fxe6 Rxe6 26. Qxe6 fxe6 27.
Rxf8+ Kxf8 28. Nf4 Rf5 29. Nxe6+ Kg8 30. Nc5 Nd6 31. b3 b6 32. Nd7 h6 33. Re6
Rd5 34. Ne5 c5 35. Nc6 cxd4 36. Nxd4 Kf7 37. Re3 b5 38. Kf2 b4 39. Ne2 Rd2 40.
cxb4 Rxa2 41. g4 Kf6 42. Kg3 Nb5 43. Nf4 Rd2 44. Re6+ Kf7 45. Re5 a6 46. Rf5+
Ke7 47. Ng6+ Ke6 48. Nf4+ Ke7 49. Re5+ Kf7 50. Re3 Rd4 51. Nd3 Nc7 52. Ne5+ Kf6
53. Nc6 Rd6 54. Na5 Rb6 55. h4 Rxb4 56. Rc3 Nb5 57. Rc6+ 1/2-1/2

[Event "OLNN 1718 Preetzer TSV - Johanneum Eppe"]
[Site "?"]
[Date "2017.11.12"]
[Round "3.7"]
[White "Keyser, Robin"]
[Black "Kornrumpf, Joachim"]
[Result "1-0"]
[WhiteElo "1991"]
[BlackElo "2082"]
[PlyCount "117"]
[EventDate "2017.??.??"]

1. d4 Nf6 2. Nf3 e6 3. c4 c5 4. d5 exd5 5. cxd5 d6 6. Nc3 g6 7. g3 Bg7 8. Bg2
O-O 9. O-O a6 10. a4 Nbd7 11. Nd2 Rb8 12. Nc4 Qe7 13. Bf4 Ne8 14. Qd2 Ne5 15.
Nb6 Qc7 16. a5 Nd7 17. Nca4 Nxb6 18. Nxb6 Bd7 19. Rac1 Bb5 20. Rfe1 Nf6 21. Bh3
Rfe8 22. f3 Nd7 23. Bxd7 Bxd7 24. b4 Be5 25. bxc5 dxc5 26. d6 Qc6 27. Nxd7 Qxd7
28. Rxc5 Bxf4 29. Qxf4 Rbd8 30. Rc7 Qe6 31. Rd1 Rd7 32. e4 Red8 33. Rxd7 Rxd7
34. e5 Kg7 35. Rc1 f6 36. exf6+ Qxf6 37. Rc7 Qe6 38. Rxd7+ Qxd7 39. Kf2 h6 40.
h4 Qb5 41. Qd2 Qd7 42. Qd5 Kf6 43. f4 h5 44. Ke3 Qe6+ 45. Qe5+ Kf7 46. Kd4 Qd7
47. Qc5 Ke6 48. Qd5+ Kf6 49. Ke4 Qe6+ 50. Kd4 Qd7 51. Kd3 Kg7 52. Kc3 Kf6 53.
Kb4 Kg7 54. Qc5 Kf6 55. Qc7 Qe6 56. Qc3+ Kf7 57. Qc4 Kf6 58. Qxe6+ Kxe6 59. Kc5
1-0

[Event "OLNN 1718 Preetzer TSV - Johanneum Eppe"]
[Site "?"]
[Date "2017.11.12"]
[Round "3.8"]
[White "Dittmann, Hans-Adolf"]
[Black "Keyser, Philipp"]
[Result "1/2-1/2"]
[WhiteElo "2084"]
[BlackElo "1959"]
[PlyCount "140"]
[EventDate "2017.??.??"]

1. e4 c5 2. Nf3 d6 3. d4 cxd4 4. Nxd4 Nf6 5. Nc3 a6 6. Bc4 e6 7. Bb3 Nbd7 8.
O-O Nc5 9. f3 b5 10. Be3 Bb7 11. Qd2 Rc8 12. Rad1 Be7 13. Qf2 Nxb3 14. cxb3 Qc7
15. Rc1 Qb8 16. Kh1 d5 17. exd5 Nxd5 18. Nxd5 Bxd5 19. Rxc8+ Qxc8 20. Rc1 Qd7
21. Qg3 O-O 22. Qc7 Qxc7 23. Rxc7 Bf6 24. Nc6 Re8 25. Kg1 h5 26. Kf2 h4 27. Nb4
Bxb2 28. Nxd5 exd5 29. Rd7 Be5 30. f4 d4 31. Bxd4 Bxf4 32. g3 hxg3+ 33. hxg3
Be5 34. Bc5 Bc3 35. Kf3 Re6 36. Rd3 b4 37. Rd8+ Kh7 38. Rb8 Rf6+ 39. Kg2 Rg6
40. Ra8 Be1 41. Bf2 Bxf2 42. Kxf2 Rc6 43. Kf3 Kg6 44. Rb8 a5 45. Rb5 Ra6 46.
Kg4 f6 47. Kf4 Kh6 48. g4 g6 49. Ke4 Re6+ 50. Kf4 Re5 51. Rb6 g5+ 52. Kf3 Kg6
53. Ra6 Kf7 54. Ra7+ Ke8 55. Ra6 f5 56. gxf5 Rxf5+ 57. Ke4 Rb5 58. Ra7 Kd8 59.
Kd4 Kc8 60. Rg7 Kb8 61. Kc4 Rf5 62. Kd4 Rf4+ 63. Ke5 Rg4 64. Kd5 Rg2 65. Kc6
Rxa2 66. Rxg5 Ka7 67. Kb5 Ra3 68. Rg7+ Kb8 69. Kc4 Ra1 70. Rh7 Ra3 1/2-1/2

[Event "OLNN 1718 Schachfreunde Hamburg - Johan"]
[Site "?"]
[Date "2017.12.10"]
[Round "4.1"]
[White "Wessman, Richard"]
[Black "Sawatzki, Frank"]
[Result "1/2-1/2"]
[WhiteElo "2424"]
[BlackElo "2399"]
[PlyCount "41"]
[EventDate "2017.??.??"]

1. d4 d5 2. c4 c6 3. Nc3 Nf6 4. cxd5 cxd5 5. f3 Nc6 6. e4 g6 7. Be3 dxe4 8. d5
Ne5 9. Bd4 Nd3+ 10. Bxd3 exd3 11. Qxd3 Bg7 12. Nge2 O-O 13. O-O b6 14. Rad1 e6
15. Nf4 exd5 16. Nfxd5 Bb7 17. Nxf6+ Bxf6 18. Rfe1 Bh4 19. Ne4 Bxe4 20. Rxe4
Bf6 21. Bxf6 1/2-1/2

[Event "OLNN 1718 Schachfreunde Hamburg - Johan"]
[Site "?"]
[Date "2017.12.10"]
[Round "4.2"]
[White "Bokelbrink, Uwe"]
[Black "Zart, Ruediger"]
[Result "0-1"]
[WhiteElo "2307"]
[BlackElo "2215"]
[PlyCount "90"]
[EventDate "2017.??.??"]

1. e4 c6 2. d4 d5 3. e5 Bf5 4. Nf3 e6 5. Be2 c5 6. Be3 cxd4 7. Nxd4 Ne7 8. Nd2
Nbc6 9. N2f3 Be4 10. O-O Ng6 11. Bb5 Rc8 12. Ng5 Ngxe5 13. f4 Nd7 14. Nxe4 dxe4
15. f5 e5 16. Nxc6 bxc6 17. Ba6 Rb8 18. Qg4 Qa5 19. Bc4 Bc5 20. Rae1 Bxe3+ 21.
Rxe3 Qc5 22. Qxe4 O-O 23. b3 Nf6 24. Qf3 Ng4 25. Qxg4 Qxe3+ 26. Kh1 Rbd8 27. f6
g6 28. c3 Rd2 29. h4 Rf2 30. g3 Rxf1+ 31. Bxf1 Qf2 32. Bg2 Qxf6 33. Qa4 Qf2 34.
Kh2 Qc5 35. c4 Rc8 36. Qa6 Rc7 37. a3 Qe7 38. Qa5 f5 39. c5 e4 40. Bf1 Qe5 41.
Qd2 Kg7 42. h5 e3 43. Qd3 f4 44. gxf4 Qxf4+ 45. Kg1 Rf7 0-1

[Event "OLNN 1718 Schachfreunde Hamburg - Johan"]
[Site "?"]
[Date "2017.12.10"]
[Round "4.3"]
[White "Schroeder, Christoph"]
[Black "Hermesmann, Hans"]
[Result "1/2-1/2"]
[WhiteElo "2217"]
[BlackElo "2244"]
[PlyCount "39"]
[EventDate "2017.??.??"]

1. e4 g6 2. Nc3 Bg7 3. d4 d6 4. f4 a6 5. Nf3 b5 6. Bd3 Nd7 7. e5 Nh6 8. O-O O-O
9. Be4 Rb8 10. Ne2 c5 11. c3 cxd4 12. cxd4 dxe5 13. dxe5 Nc5 14. Bc2 Bf5 15.
Ned4 Bxc2 16. Qxc2 Rc8 17. Qe2 Nf5 18. Rd1 Nxd4 19. Nxd4 Qc7 20. Be3 {(=)}
1/2-1/2

[Event "OLNN 1718 Schachfreunde Hamburg - Johan"]
[Site "?"]
[Date "2017.12.10"]
[Round "4.4"]
[White "Ritscher, Jan-Paul"]
[Black "Wenzel, Birger"]
[Result "1-0"]
[WhiteElo "2212"]
[BlackElo "2132"]
[PlyCount "95"]
[EventDate "2017.??.??"]

1. e4 c5 2. Nf3 d6 3. d4 Nf6 4. Nc3 cxd4 5. Nxd4 a6 6. Be3 e5 7. Nf3 Qc7 8. a4
Be7 9. a5 Be6 10. Bb6 Qc8 11. Bd3 O-O 12. O-O Nc6 13. Re1 h6 14. Bf1 Qd7 15.
Nd5 Rac8 16. c4 Bd8 17. Bxd8 Qxd8 18. Nb6 Rc7 19. h3 Ne8 20. Nd5 Rd7 21. b4 f5
22. exf5 Bxf5 23. Bd3 Rdf7 24. Bxf5 Rxf5 25. Ra3 g5 26. b5 Ne7 27. Ne3 Rxf3 28.
gxf3 Qc8 29. Kh2 Qc5 30. Ra2 Nc7 31. Rg1 Ne6 32. Rg3 Nd4 33. Rd2 axb5 34. cxb5
Ng6 35. Rxd4 exd4 36. Qb3+ Kh7 37. Nc4 Rf4 38. a6 bxa6 39. bxa6 Qa7 40. Qb7+
Rf7 41. Qd5 Nf4 42. Qe4+ Kg7 43. Nxd6 d3 44. Qe3 Qxa6 45. Qe5+ Kf8 46. Qe8+ Kg7
47. Qxf7+ Kh8 48. Nf5 1-0

[Event "OLNN 1718 Schachfreunde Hamburg - Johan"]
[Site "?"]
[Date "2017.12.10"]
[Round "4.5"]
[White "Schueler, Hendrik"]
[Black "Zimmermann, Martin"]
[Result "1/2-1/2"]
[WhiteElo "2136"]
[BlackElo "2135"]
[PlyCount "47"]
[EventDate "2017.??.??"]

1. d4 d5 2. Nf3 Nf6 3. c4 e6 4. g3 Be7 5. Bg2 c6 6. O-O O-O 7. Qc2 Ne4 8. Rd1
f5 9. Nfd2 Nxd2 10. Nxd2 Bf6 11. Nf3 Bd7 12. Ne5 Be8 13. cxd5 cxd5 14. Bf4 Nc6
15. Rac1 Qb6 16. Qd2 h6 17. Nxc6 Bxc6 18. Bd6 Rf7 19. e3 Bb5 20. Bc5 Qd8 21. b3
Rc7 22. a4 Ba6 23. a5 Rc6 24. Bb4 {(=)} 1/2-1/2

[Event "OLNN 1718 Schachfreunde Hamburg - Johan"]
[Site "?"]
[Date "2017.12.10"]
[Round "4.6"]
[White "Jaeckle, Marco"]
[Black "Ahmels, Volker"]
[Result "1/2-1/2"]
[WhiteElo "2245"]
[BlackElo "2193"]
[PlyCount "28"]
[EventDate "2017.??.??"]

1. e4 d5 2. exd5 Qxd5 3. Nc3 Qa5 4. Bc4 Nf6 5. Nge2 c6 6. O-O Qh5 7. d4 Nbd7 8.
f3 Nb6 9. Bd3 e6 10. Nf4 Qa5 11. Bd2 Na4 12. Nxa4 Qxa4 13. c4 Qxd1 14. Rfxd1
Bd6 {(=)} 1/2-1/2

[Event "OLNN 1718 Schachfreunde Hamburg - Johan"]
[Site "?"]
[Date "2017.12.10"]
[Round "4.7"]
[White "Johannsen, Dennis"]
[Black "Dietz, Juergen"]
[Result "0-1"]
[WhiteElo "2121"]
[BlackElo "2144"]
[PlyCount "76"]
[EventDate "2017.??.??"]

1. Nf3 f5 2. g3 Nf6 3. Bg2 d6 4. d4 g6 5. c3 Nc6 6. O-O Bg7 7. d5 Ne5 8. Nxe5
dxe5 9. Qb3 O-O 10. Rd1 Kh8 11. Na3 Rb8 12. Nc4 Ne8 13. a4 f4 14. e4 Nd6 15. f3
Bd7 16. Na3 g5 17. g4 h5 18. h3 Qe8 19. Nc4 hxg4 20. hxg4 Nxe4 21. Re1 Nc5 22.
Qc2 Bxa4 23. Qb1 e4 24. fxe4 f3 25. Be3 Nb3 26. Rxa4 Qxa4 27. Bf1 Qd7 28. Bh3
b5 29. Na3 Nd2 30. Qd3 f2+ 31. Bxf2 Nf3+ 32. Kg2 Nxe1+ 33. Bxe1 Qd6 34. Nc2 e6
35. Ne3 Rbd8 36. Qxb5 Qf4 37. Qe2 Qxe4+ 38. Kg1 Rf3 0-1

[Event "OLNN 1718 Schachfreunde Hamburg - Johan"]
[Site "?"]
[Date "2017.12.10"]
[Round "4.8"]
[White "Kull, Florian"]
[Black "Keyser, Robin"]
[Result "1-0"]
[WhiteElo "2153"]
[BlackElo "2068"]
[PlyCount "165"]
[EventDate "2017.??.??"]

1. c4 e5 2. Nc3 Bb4 3. Nd5 Bc5 4. Nf3 c6 5. Nc3 d6 6. d4 exd4 7. Nxd4 Nf6 8. e3
O-O 9. Be2 Bb4 10. O-O Bxc3 11. bxc3 Na6 12. Ba3 Nc5 13. Nb3 Nfe4 14. Qd4 Bf5
15. Nxc5 dxc5 16. Bxc5 Nxc5 17. Qxc5 Qf6 18. Rad1 Be6 19. Rd4 Rfc8 20. Bf3 Rc7
21. Rfd1 g6 22. a4 Kg7 23. a5 Qf5 24. Qxf5 Bxf5 25. c5 Re8 26. a6 bxa6 27. Ra1
Re5 28. Ra5 Be6 29. h4 Bc8 30. Rd6 Bb7 31. Kf1 Kf8 32. Ke2 Ke7 33. Kd3 Rxc5 34.
Rxc5 Kxd6 35. Ra5 Re7 36. Kd4 f6 37. c4 Re5 38. c5+ Kc7 39. Be4 Re7 40. Bd3
Rd7+ 41. Kc3 Rd5 42. e4 Re5 43. Kd4 g5 44. hxg5 Rxg5 45. g3 Rh5 46. Ra1 Rh2 47.
Ke3 Rh5 48. Kd4 Rh2 49. Ke3 h5 50. Bxa6 Bxa6 51. Rxa6 Kb7 52. Ra1 h4 53. Rb1+
Kc7 54. gxh4 Rxh4 55. Ra1 Kb7 56. Rb1+ Kc7 57. Rg1 Rh5 58. Rg7+ Kd8 59. Rxa7
Rxc5 60. Rf7 f5 61. exf5 Ke8 62. Rf6 Rc4 63. f3 c5 64. Re6+ Kf7 65. Re4 Rc1 66.
Kf4 c4 67. Re6 c3 68. Rc6 c2 69. Rc4 Kf6 70. Rc7 Ra1 71. Rc6+ Kf7 72. Rxc2 Ra4+
73. Kg5 Ra1 74. Rc7+ Kg8 75. f6 Rg1+ 76. Kf5 Rf1 77. f4 Kf8 78. f7 Rg1 79. Kf6
Rg6+ 80. Ke5 Rg1 81. f5 Rg2 82. Ke6 Re2+ 83. Kf6 1-0

[Event "OLNN 1718 SC Diogenes - Preetzer TSV"]
[Site "?"]
[Date "2017.12.10"]
[Round "4.1"]
[White "Pedersen, Steffen"]
[Black "Schulenburg, Fabian"]
[Result "0-1"]
[WhiteElo "2358"]
[BlackElo "2238"]
[PlyCount "76"]
[EventDate "2017.??.??"]

1. d4 d5 2. c4 c6 3. Nf3 Nf6 4. Nc3 Bf5 5. e3 e6 6. Nh4 Be4 7. f3 Bg6 8. Qb3
Qc7 9. Bd2 Be7 10. Nxg6 hxg6 11. O-O-O a6 12. h3 dxc4 13. Bxc4 b5 14. Be2 c5
15. dxc5 Nbd7 16. Kb1 Nxc5 17. Qc2 O-O 18. Ne4 Nfxe4 19. fxe4 Rac8 20. Bf3 Qb8
21. h4 Na4 22. Qb3 Bf6 23. Bc1 Be5 24. Rd2 Rc4 25. h5 gxh5 26. Rxh5 Rfc8 27.
Rh1 g6 28. Qd3 Qc7 29. Qf1 Qa5 30. Qf2 Qb4 31. Qh4 Nc3+ 32. Ka1 Nd5 33. Kb1 Qc5
34. Qe1 Nb4 35. b3 Rc2 36. Qd1 Qc3 37. Rd8+ Kg7 38. Rh7+ Kf6 0-1